Films de Tim Burton par images - Mort Subite - Statistiques

Statistiques générales
  • Ce quiz a été pris 2 815 fois
  • Le résultat moyen est 6 sur 10
Answers on the Grid
Answers color-coded by a green-red scale on the quiz's grid according to % correct below.
 
Statistiques - réponses
Réponse % Correct
Edward aux mains d'argent
74%
Alice au Pays des Merveilles
71%
Les Noces Funèbres
70%
Charlie et la chocolaterie
66%
Beetlejuice
66%
Mars Attacks !
52%
Dumbo
47%
Big Fish
41%
Batman
36%
La Planète des Singes
30%
Aucun quiz correspondant
Distribution des résultats
% des personnes avec chaque résultat
Percentile par nombre de réponses
Votre historique - résultats
Vous n’avez pas pris ce quiz